| 000 | 00450nam a2200181Ia 4500 | ||
|---|---|---|---|
| 005 | 20250603145805.0 | ||
| 008 | 250603s9999 xx 000 0 und d | ||
| 020 | _a9781003469063 | ||
| 050 | _aHD 38.5 .B35/ | ||
| 100 | _aRajat K. Baisya. | ||
| 245 | 0 | _aSupply chain and logistics management : an integrated approach | |
| 260 | _a New York | ||
| 260 | _bRoutledge | ||
| 260 | _c2024 | ||
| 300 | _a320 p | ||
| 650 | _a New York | ||
| 942 | _cBK | ||
| 999 |
_c42861 _d42861 |
||